| Поле | Инд. | ПП | Название | Значение |
|---|---|---|---|---|
| Тип записи | a | |||
| Библиографический уровень | m | |||
| 001 | Контрольный номер | 5fd4673c2b8f4bcab1a0db98f667b04e | ||
| 005 | Дата корректировки | 20180912115618.4 | ||
| 020 | a | ISBN | 978-5-98065-147-3 | |
| 040 | a | Служба первич. каталог. | НБ ТвГУ | |
| b | Код языка каталог. | rus | ||
| e | Правила каталог. | PSBO | ||
| 041 | 0_ | a | Код языка текста | rus |
| 080 | a | Индекс УДК | 343.988(075.8) | |
| 084 | a | Индекс другой классификации/Индекс ББК | Х515я73-1 | |
| 090 | a | Полочн. индекс | Х515 | |
| x | Авторский знак | А 43 | ||
| 097 | b | Оператор | mimoza | |
| 245 | 10 | a | Заглавие | Актуальные проблемы виктимологии |
| b | Продолж. заглавия | учебное пособие | ||
| c | Ответственность | Омск. юрид. акад. | ||
| 260 | c | Дата издания | 2017 | |
| a | Место издания | Омск | ||
| b | Издательство | Омская юридическая академия | ||
| 300 | a | Объем | 239 с. | |
| 504 | a | Библиография | Библиогр. в подстроч. примеч. | |
| 520 | 0_ | a | Аннотация | Учебное пособие «Актуальные проблемы виктимологии» достаточно полно охватывает современную виктимологическую проблематику. Оно содержит описание ключевых тем виктимологии: понятия жертвы, виктимности и виктимизации, виктимологической ситуации, истории и предмета виктимологии, виктимологию насильственной и корыстной преступности, исследование детерминации виктимности и мер виктимологической профилактики в зависимости от вида преступности. Учебное пособие предназначено для студентов юридических вузов, аспирантов, преподавателей и практикующих юристов. |
| 653 | 0_ | a | Ключевые слова | Виктимология |
| a | Ключевые слова | Виктимологическая профилактика | ||
| a | Ключевые слова | Виктимологическое предупреждение преступности | ||
| a | Ключевые слова | Семейное насилие | ||
| a | Ключевые слова | Предупреждение преступлений | ||
| a | Ключевые слова | Воздействие на преступность | ||
| a | Ключевые слова | Жертвы преступлений | ||
| a | Ключевые слова | Учебники для вузов | ||
| 700 | 12 | a | Другие авторы | Бойко Ольга Альбертовна |
| q | Полное имя | Бойко О. А. | ||
| 700 | 12 | a | Другие авторы | Хоменко Анатолий Николаевич |
| 700 | 12 | a | Другие авторы | Пестерева Юлия Сергеевна |
| 700 | 12 | a | Другие авторы | Бражников Владислав Витальевич |
| 901 | t | Тип документа | m | |
| 920 | a | Оператор | Семен | |
| a | Оператор | Суха | ||
| a | Оператор | Стро | ||
| 930 | a | Новая/Ретро | новая | |
| 952 | c | Вид литературы | К ру | |
| 954 | b | Дата поступления в ОК | 20180508 | |
| a | Дата поступления на обработку | 20180511 | ||
| c | Дата окончания ОНО | 20180516 |